VfB Stuttgart EAFC 25 Quiz - Statistiken

Allgemein
  • Dieses Quiz wurde 53 mal gespielt
    11 seit der letzten Aktualisierung
  • Das Durchschnittsergebnis liegt bei 21 aus 42
Antwortstatistiken
Hint Antwort % Korrekt
84 TOTW (LV) Maxi Mittelstädt
100%
84 TOTW (ZOM) Deniz Undav
91%
79 Non-Rare (ST) Ermedin Demirovic
91%
87 RTTK CL Angelo Stiller
82%
75 Non-Rare (ZDM) Ata Karazor
82%
79 Non-Rare (LM) Chris Führich
82%
77 Non-Rare (ZOM) Enzo Millot
82%
77 Non-Rare (IV) Jeff Chabot
82%
79 Non-Rare (LV) Maxi Mittelstädt
82%
77 Non-Rare (IV) Dan-Axel Zagadou
64%
81 Rare Deniz Undav
64%
88 TOTW (ST) Ermedin Demirovic
64%
85 TOTW (IV) Jeff Chabot
64%
71 Non-Rare (TW) Fabian Bredlow
55%
74 Rare (ZOM) Fabian Rieder
55%
71 Rare (RV) Pascal Stenzel
55%
71 Non-Rare (ZDM) Yannik Keitel
55%
80 Non-Rare Alex Nübel
45%
78 Non-Rare Angelo Stiller
45%
89 Grassroots Greats Chris Führich
45%
80 TOTW El Bilal Toure
45%
72 Non-Rare (ST) El Bilal Toure
45%
66 Non-Rare (LV) Frans Krätzig
45%
74 Rare (RM) Jamie Leweling
45%
75 Rare Josha Vagnoman
45%
71 Rare (IV) Leonidas Stergiou
45%
66 Non-Rare (TW) Stefan Drljaca
45%
75 Non-Rare (IV) Anthony Rouault
36%
87 Thunderstruck Chris Führich
36%
87 Winter Wildcards Deniz Undav
36%
85 Trailblazers Enzo Millot
36%
65 Non-Rare Justin Diehl
36%
88 FC Pro Live Ramon Hendriks
36%
66 Non-Rare (ST) Wahid Faghir
36%
72 Non-Rare (IV) Ameen Al-Dakhil
27%
88 Numero FUT Angelo Stiller
27%
69 Non-Rare Nick Woltemade
27%
68 Non-Rare Nikolas Nartey
27%
67 Rare Ramon Hendriks
27%
63 Non-Rare Dennis Seimen
18%
62 Non-Rare Luca Raimund
18%
63 Rare Thomas Kastanaras
18%
Keine übereinstimmenden Quizze gefunden
Verteilung der Resultate
Anzahl Personen mit jedem Resultat
Perzentil nach korrekt beantworteten Fragen
Ihre Resultats-Entwicklung
Sie haben dieses Quiz seit der letzten Aktualisierung nicht gespielt